Tala
Wedi'i Gadw mewn:
| Fformat: | Llyfr |
|---|---|
| Iaith: | Sbaeneg |
| Cyhoeddwyd: |
Buenos Aires
Losada
1947
|
| Cyfres: | Poetas de España y América
|
| Pynciau: | |
| Tagiau: |
Ychwanegu Tag
Dim Tagiau, Byddwch y cyntaf i dagio'r cofnod hwn!
|
MARC
| LEADER | 00000nam a2200000 a 4500 | ||
|---|---|---|---|
| 001 | UCQ2250 | ||
| 003 | CL-VaPUC | ||
| 008 | 980724e19470000AG |||||||||||||||||spa|d | ||
| 082 | 0 | 4 | |a Ch861 |b MIS |2 21 |
| 245 | 1 | 0 | |a Tala |
| 300 | |a 187 p | ||
| 942 | |c BK | ||
| 945 | |d 19980724 00:00:00 |a lriquelm | ||
| 260 | |a Buenos Aires |b Losada |c 1947 | ||
| 650 | 0 | |a Poesías chilenas |9 265280 | |
| 650 | 0 | |a Literatura chilena |9 308278 | |
| 583 | |a last modification |c 19980724 00:00:00 |k Rodrigo Vera | ||
| 490 | 0 | |a Poetas de España y América | |
| 999 | |c 273087 |d 273085 | ||
| 952 | |0 0 |1 0 |4 0 |6 CH_861_000000000000000_MIS_1947 |7 0 |8 A |9 308377 |a BIBEDU |b BIBEDU |c ES_NOD |d 2019-11-20 |i 1443836 |l 1 |m 1 |o Ch861 MIS 1947 |p 1443836 |r 2023-08-09 |s 2023-04-13 |w 2019-11-20 |y BK |k LIT | ||